| 000 | 00541nam a22001937a 4500 | ||
|---|---|---|---|
| 005 | 20210422112923.0 | ||
| 008 | 210410b ||||| |||| 00| 0 eng d | ||
| 020 | _a9788193249970 | ||
| 040 |
_aIN-DiNC _cIN-DiNC |
||
| 041 | _deng | ||
| 082 |
_a305.420954 _bSOC |
||
| 245 |
_aSocial dimension of Indian women: _bperspectives and prospect/ _cedited by Hasibul Rahman |
||
| 250 | _a1st ed. | ||
| 260 |
_aNew Delhi: _bKunal books, _c2016 |
||
| 300 | _aviii, 144p. | ||
| 650 | _aWomen | ||
| 700 |
_aRahman, Hasibul _eEditor |
||
| 942 |
_2ddc _cBK |
||
| 999 |
_c11180 _d11180 |
||